[Event "First Saturday GM November 2014"]
[Site "Budapest"]
[Date "2014.11.01"]
[Round "1.1"]
[White "Flumbort, Andras Dr"]
[Black "Nguyen, Huynh Minh Huy"]
[Result "1/2-1/2"]
[WhiteElo "2458"]
[BlackElo "2492"]
[PlyCount "24"]
[EventDate "2014.11.01"]

1. d4 d5 2. c4 c6 3. Nf3 Nf6 4. Nc3 a6 5. e3 Bf5 6. Bd3 Bxd3 7. Qxd3 e6 8. O-O
Nbd7 9. e4 dxe4 10. Nxe4 Nxe4 11. Qxe4 Be7 12. b3 O-O 1/2-1/2

[Event "First Saturday GM November 2014"]
[Site "Budapest"]
[Date "2014.11.01"]
[Round "1.2"]
[White "Farkas, Richard"]
[Black "Tran, Tuan Minh"]
[Result "1/2-1/2"]
[WhiteElo "2305"]
[BlackElo "2391"]
[PlyCount "178"]
[EventDate "2014.11.01"]

1. e4 c5 2. Nf3 d6 3. d4 cxd4 4. Qxd4 Nc6 5. Bb5 Bd7 6. Bxc6 bxc6 7. c4 Qb6 8.
Qd2 Bg4 9. Nd4 g6 10. Nc2 Bg7 11. Nc3 Be6 12. Qd3 Nf6 13. Be3 Qa6 14. Na3 O-O
15. Bd4 Rab8 16. Nd1 d5 17. e5 dxc4 18. Qe2 Nd5 19. O-O c5 20. Bxc5 Qc6 21.
Bxa7 Nf4 22. Qf3 Qxf3 23. gxf3 Rb7 24. Be3 Bxe5 25. Bxf4 Bxf4 26. Re1 Rc8 27.
Re4 Bd6 28. Rc1 Bxa3 29. bxa3 Ra8 30. Re3 Ra5 31. f4 Rd7 32. Kg2 Rd2 33. Nc3
Rxa3 34. Rxe6 fxe6 35. Nb1 Rdxa2 36. Nxa3 Rxa3 37. Rxc4 Kf7 38. f3 Kf6 39. Rc8
Ra5 40. Kg3 Rf5 41. h4 Kg7 42. Rc7 Kf7 43. Rc8 Ra5 44. Rh8 Kg7 45. Re8 Ra7 46.
Rb8 Ra5 47. Re8 Kf7 48. Rh8 h5 49. Rb8 Rc5 50. Rb6 Kf6 51. Ra6 Rd5 52. Rb6 Rd6
53. Rb5 Rd5 54. Rb6 Kf7 55. Ra6 e5 56. fxe5 Rxe5 57. Kf4 Rf5+ 58. Ke4 e5 59.
Ra7+ Kf6 60. Ra6+ Kg7 61. Ra7+ Kh6 62. Ra6 Rf4+ 63. Kxe5 Rxh4 64. f4 Rh1 65. f5
Re1+ 66. Kd4 Kg5 67. fxg6 Re7 68. g7 Rxg7 69. Ke3 Rf7 70. Ra8 Kg4 71. Rg8+ Kh3
72. Rg6 h4 73. Rg8 Kh2 74. Ke2 h3 75. Rg6 Ra7 76. Rg8 Ra3 77. Kf2 Ra2+ 78. Kf1
Rg2 79. Rf8 Rg5 80. Kf2 Rg7 81. Rf6 Ra7 82. Rg6 Rf7+ 83. Ke2 Rf4 84. Rg8 Kh1
85. Rg3 h2 86. Rg8 Ra4 87. Kf1 Ra1+ 88. Kf2 Rg1 89. Rf8 Rf1+ 1/2-1/2

[Event "First Saturday GM November 2014"]
[Site "Budapest"]
[Date "2014.11.01"]
[Round "1.3"]
[White "Varga, Zoltan"]
[Black "Aharon, Ofir"]
[Result "1-0"]
[WhiteElo "2470"]
[BlackElo "2327"]
[PlyCount "135"]
[EventDate "2014.11.01"]

1. e4 c5 2. Nf3 g6 3. d4 cxd4 4. Qxd4 Nf6 5. e5 Nc6 6. Qa4 Nd5 7. Qe4 Nb6 8.
Nc3 d5 9. exd6 Bf5 10. Qf4 Bg7 11. Bb5 O-O 12. dxe7 Qxe7+ 13. Qe3 Qb4 14. O-O
Nd4 15. a3 Qc5 16. Nxd4 Bxd4 17. Qe2 a6 18. Bd3 Rfe8 19. Qf3 Nc4 20. Ne4 Bxe4
21. Bxe4 Nxb2 22. Rb1 Nc4 23. Rxb7 Nd6 24. Bd5 Nxb7 25. Bxf7+ Kh8 26. Bxe8 Rxe8
27. Qxb7 Qxc2 28. Qxa6 Bxf2+ 29. Kh1 Bd4 30. Bh6 Qc8 31. Qxc8 Rxc8 32. Rf8+
Rxf8 33. Bxf8 Kg8 34. Bb4 Kf7 35. g4 Kf6 36. Kg2 h5 37. h3 Kg5 38. Bd2+ Kf6 39.
Kf3 Ke5 40. a4 hxg4+ 41. Kxg4 Ke4 42. Kg5 Bf2 43. Kxg6 Kd3 44. Bf4 Kc4 45. Bd6
Be1 46. Bc7 Kb4 47. a5 Kb5 48. Kf5 Ka6 49. Bd8 Kb7 50. Kg4 Ka6 51. Bb6 Kb5 52.
Bc7 Ka6 53. Bd8 Kb5 54. Kf3 Ka6 55. Ke2 Bg3 56. Bb6 Bh4 57. Bf2 Bd8 58. Be1 Kb5
59. Kf3 Be7 60. Kg4 Bf6 61. Bd2 Bd8 62. a6 Kxa6 63. Bg5 Ba5 64. h4 Kb7 65. Kf5
Kc6 66. h5 Kd7 67. h6 Bc3 68. Bf6 1-0

[Event "First Saturday GM November 2014"]
[Site "Budapest"]
[Date "2014.11.02"]
[Round "2.1"]
[White "Nguyen, Huynh Minh Huy"]
[Black "Aharon, Ofir"]
[Result "1/2-1/2"]
[WhiteElo "2492"]
[BlackElo "2327"]
[PlyCount "64"]
[EventDate "2014.11.01"]

1. d4 Nf6 2. c4 g6 3. Nc3 d5 4. cxd5 Nxd5 5. e4 Nxc3 6. bxc3 Bg7 7. Be3 c5 8.
Qd2 Qa5 9. Rc1 cxd4 10. cxd4 Qxd2+ 11. Bxd2 O-O 12. Nf3 e6 13. Bb5 Bd7 14. Bc4
Nc6 15. Be3 Na5 16. Bd3 Rac8 17. Ke2 f5 18. Rxc8 Rxc8 19. exf5 exf5 20. d5 Nc4
21. Rc1 Nxe3 22. Rxc8+ Bxc8 23. Kxe3 Kf7 24. Ng5+ Kf6 25. f4 h6 26. Ne6 Bxe6
27. dxe6 Kxe6 28. g4 fxg4 29. Bxg6 Bf8 30. Ke4 Bd6 31. Bf5+ Kf6 32. Bxg4 b6
1/2-1/2

[Event "First Saturday GM November 2014"]
[Site "Budapest"]
[Date "2014.11.02"]
[Round "2.2"]
[White "Tran, Tuan Minh"]
[Black "Varga, Zoltan"]
[Result "1/2-1/2"]
[WhiteElo "2391"]
[BlackElo "2470"]
[PlyCount "61"]
[EventDate "2014.11.01"]

1. d4 d5 2. c4 dxc4 3. Nf3 Nf6 4. e3 e6 5. Bxc4 a6 6. a4 c5 7. O-O Nc6 8. Nc3
Qc7 9. Qe2 b6 10. Rd1 Bd6 11. h3 O-O 12. dxc5 bxc5 13. e4 Ne5 14. Nxe5 Bxe5 15.
Be3 Bxc3 16. bxc3 Nxe4 17. Bd3 Bb7 18. Bxe4 Bxe4 19. Qc4 Qb7 20. f3 Bd5 21. Qg4
e5 22. Bh6 f5 23. Qxg7+ Qxg7 24. Bxg7 Bxf3 25. Bxf8 Bxd1 26. Rxd1 Kxf8 27. Rd5
Re8 28. Rxc5 Kf7 29. Kf2 f4 30. Rc7+ Kg6 31. g3 1/2-1/2

[Event "First Saturday GM November 2014"]
[Site "Budapest"]
[Date "2014.11.02"]
[Round "2.3"]
[White "Flumbort, Andras Dr"]
[Black "Farkas, Richard"]
[Result "1-0"]
[WhiteElo "2458"]
[BlackElo "2305"]
[PlyCount "49"]
[EventDate "2014.11.01"]

1. Nf3 d5 2. d4 Nf6 3. c4 dxc4 4. e3 e6 5. Bxc4 c5 6. O-O a6 7. Bb3 Nc6 8. Nc3
cxd4 9. exd4 Be7 10. Bg5 O-O 11. Qd2 b5 12. Rad1 Na5 13. Bc2 Nc4 14. Qf4 Bb7
15. d5 exd5 16. Qh4 g6 17. Rfe1 h6 18. Qxh6 Ng4 19. Qh4 Bxg5 20. Nxg5 Nf6 21.
Qh6 Qb6 22. Bxg6 Qxf2+ 23. Kh1 Ne3 24. Rxe3 Qxe3 25. Bh7+ 1-0

[Event "First Saturday GM November 2014"]
[Site "Budapest"]
[Date "2014.11.03"]
[Round "3.1"]
[White "Farkas, Richard"]
[Black "Nguyen, Huynh Minh Huy"]
[Result "0-1"]
[WhiteElo "2305"]
[BlackElo "2492"]
[PlyCount "158"]
[EventDate "2014.11.01"]

1. e4 c5 2. Nf3 d6 3. Bb5+ Bd7 4. Bxd7+ Qxd7 5. O-O Nf6 6. e5 dxe5 7. Nxe5 Qc8
8. Qf3 e6 9. Nc3 Be7 10. d3 O-O 11. Re1 Nfd7 12. Nc4 Nc6 13. a4 Nf6 14. Bf4 Rd8
15. Bg3 Nd5 16. Ne4 Nd4 17. Qd1 b6 18. Ned6 Bxd6 19. Nxd6 Qd7 20. c3 Nc6 21.
Qf3 Rf8 22. Nc4 f6 23. Qe4 e5 24. f4 exf4 25. Bxf4 Rae8 26. Qf3 Nxf4 27. Qxf4
Qxd3 28. Rad1 Rxe1+ 29. Rxe1 Rd8 30. h3 h6 31. Kh2 Qd5 32. Qg4 Qd7 33. Qe4 Kh8
34. Qe6 Qc7+ 35. Kg1 Qg3 36. Rf1 Qc7 37. Re1 a6 38. Rf1 b5 39. axb5 axb5 40.
Ne3 Ne5 41. Nf5 Kh7 42. Nxg7 Qxg7 43. Rxf6 Re8 44. Qxe8 Qxf6 45. Qxb5 Qd6 46.
b4 c4 47. Qb7+ Kg6 48. b5 Kf6 49. Kh1 Nd7 50. Qf3+ Ke7 51. Qe4+ Qe6 52. Qh4+
Kd6 53. Qd4+ Kc7 54. Qa7+ Kd8 55. Qa8+ Ke7 56. Qa3+ Qd6 57. Qb2 Kd8 58. Qa2 Qe6
59. Qa8+ Ke7 60. Qa3+ Qd6 61. Qb2 Qd1+ 62. Kh2 Qb3 63. Qe2+ Kd8 64. Qe3 Qxb5
65. Qxh6 Qe5+ 66. Kh1 Qxc3 67. h4 Qe1+ 68. Kh2 Qe5+ 69. g3 c3 70. h5 c2 71. Kh3
Qf5+ 72. Kg2 Qe4+ 73. Kf2 Qd4+ 74. Kg2 Qd5+ 75. Kh2 Qc5 76. Qc1 Qxh5+ 77. Kg2
Qe2+ 78. Kh3 Kc8 79. Qg5 Qf1+ 0-1

[Event "First Saturday GM November 2014"]
[Site "Budapest"]
[Date "2014.11.03"]
[Round "3.2"]
[White "Varga, Zoltan"]
[Black "Flumbort, Andras Dr"]
[Result "1/2-1/2"]
[WhiteElo "2470"]
[BlackElo "2458"]
[PlyCount "28"]
[EventDate "2014.11.01"]

1. d4 d5 2. Nf3 Nf6 3. c4 e6 4. g3 c5 5. cxd5 exd5 6. Bg2 Nc6 7. O-O Be7 8. Nc3
O-O 9. Bg5 cxd4 10. Nxd4 Re8 11. Rc1 h6 12. Bxf6 Bxf6 13. Nb3 d4 14. Nb5 Be6
1/2-1/2

[Event "First Saturday GM November 2014"]
[Site "Budapest"]
[Date "2014.11.03"]
[Round "3.3"]
[White "Aharon, Ofir"]
[Black "Tran, Tuan Minh"]
[Result "1-0"]
[WhiteElo "2327"]
[BlackElo "2391"]
[PlyCount "67"]
[EventDate "2014.11.01"]

1. e4 c5 2. Nf3 d6 3. d4 cxd4 4. Nxd4 Nf6 5. Nc3 a6 6. Be3 e5 7. Nb3 Be6 8. f3
Nbd7 9. Qd2 b5 10. g4 Nb6 11. g5 Nfd7 12. Na5 Rc8 13. O-O-O b4 14. Nd5 Nxd5 15.
exd5 Qxa5 16. dxe6 fxe6 17. Kb1 Rc6 18. f4 g6 19. h4 Bg7 20. h5 Rf8 21. hxg6
exf4 22. Bxf4 b3 23. axb3 Qxd2 24. Bxd2 hxg6 25. Bg2 d5 26. Rhe1 Ne5 27. Re2
Rf5 28. c4 Rd6 29. cxd5 exd5 30. Bb4 Rb6 31. Bc5 Rb5 32. b4 Bf8 33. Rxd5 Bxc5
34. Rdxe5+ 1-0

[Event "First Saturday GM November 2014"]
[Site "Budapest"]
[Date "2014.11.04"]
[Round "4.1"]
[White "Nguyen, Huynh Minh Huy"]
[Black "Tran, Tuan Minh"]
[Result "1/2-1/2"]
[WhiteElo "2492"]
[BlackElo "2391"]
[PlyCount "52"]
[EventDate "2014.11.01"]

1. d4 Nf6 2. c4 e6 3. g3 Bb4+ 4. Bd2 Qe7 5. Nf3 d5 6. Bg2 O-O 7. O-O Nbd7 8.
Qc2 c6 9. Bxb4 Qxb4 10. Nbd2 b6 11. a3 Qe7 12. Rfe1 Bb7 13. e4 dxe4 14. Nxe4 c5
15. d5 exd5 16. Nc3 Qd6 17. cxd5 a6 18. Nd2 b5 19. Nde4 Qb6 20. Rad1 Rad8 21.
Qd2 b4 22. axb4 cxb4 23. Na4 Nxe4 24. Nxb6 Nxd2 25. Nxd7 Rxd7 26. Rxd2 Rfd8
1/2-1/2

[Event "First Saturday GM November 2014"]
[Site "Budapest"]
[Date "2014.11.04"]
[Round "4.2"]
[White "Flumbort, Andras Dr"]
[Black "Aharon, Ofir"]
[Result "1/2-1/2"]
[WhiteElo "2458"]
[BlackElo "2327"]
[PlyCount "63"]
[EventDate "2014.11.01"]

1. Nf3 g6 2. c4 Bg7 3. d4 Nf6 4. Nc3 d5 5. cxd5 Nxd5 6. g3 Nxc3 7. bxc3 c5 8.
Bg2 Qa5 9. O-O Qxc3 10. Bg5 h6 11. Bd2 Qa3 12. Qc1 Qxc1 13. Raxc1 Na6 14. dxc5
Bd7 15. Ne5 Bxe5 16. Bxb7 Nc7 17. Bxa8 Nxa8 18. c6 Be6 19. Rfd1 Nc7 20. Ba5 g5
21. Rb1 O-O 22. Rb7 Rc8 23. Rd7 Na6 24. Rd8+ Rxd8 25. Bxd8 Nb8 26. c7 Nc6 27.
Rb1 Bc8 28. Rc1 Nd4 29. Rb1 Nc6 30. Rc1 Nd4 31. Rb1 Nc6 32. Rc1 1/2-1/2

[Event "First Saturday GM November 2014"]
[Site "Budapest"]
[Date "2014.11.04"]
[Round "4.3"]
[White "Farkas, Richard"]
[Black "Varga, Zoltan"]
[Result "1/2-1/2"]
[WhiteElo "2305"]
[BlackElo "2470"]
[PlyCount "95"]
[EventDate "2014.11.01"]

1. e4 d6 2. d4 Nf6 3. Bd3 e5 4. c3 Be7 5. Bg5 h6 6. Bh4 c6 7. Nd2 exd4 8. cxd4
Nxe4 9. Bxe7 Qxe7 10. Nxe4 d5 11. Qe2 dxe4 12. Qxe4 Be6 13. a3 Bd5 14. Qxe7+
Kxe7 15. f3 Bb3 16. Ne2 Nd7 17. Kf2 Rhd8 18. Rac1 Nb6 19. Rc3 Be6 20. Re1 Kf8
21. Bc2 Rd6 22. Bb3 Re8 23. Bxe6 Rdxe6 24. Rcc1 Na4 25. Rc2 Re3 26. Rd1 Rb3 27.
Rdd2 Nb6 28. Nc1 Rbe3 29. Nd3 Nd5 30. Nc5 R8e7 31. g3 f5 32. Nd3 g5 33. Ne5 Kg7
34. Re2 f4 35. Rxe3 Nxe3 36. Rd2 Kf6 37. Ng4+ Kg6 38. Rd3 Nc4 39. Ne5+ Nxe5 40.
dxe5 fxg3+ 41. hxg3 Kf5 42. Rd6 h5 43. Rh6 Rxe5 44. Rxh5 Rb5 45. b4 Kg6 46. Rh1
a5 47. bxa5 Rxa5 48. Rb1 1/2-1/2

[Event "First Saturday GM November 2014"]
[Site "Budapest"]
[Date "2014.11.05"]
[Round "5.2"]
[White "Aharon, Ofir"]
[Black "Farkas, Richard"]
[Result "1-0"]
[WhiteElo "2327"]
[BlackElo "2305"]
[PlyCount "53"]
[EventDate "2014.11.01"]

1. e4 e6 2. d4 d5 3. Nd2 Nc6 4. Ngf3 Nf6 5. e5 Nd7 6. Nb3 f6 7. Bb5 a6 8. Bxc6
bxc6 9. O-O c5 10. exf6 Qxf6 11. Ng5 c4 12. Nxe6 cxb3 13. Qh5+ Qg6 14. Qxd5 Ra7
15. Bg5 Nb6 16. Nxc7+ Rxc7 17. Qd8+ Kf7 18. Qxc7+ Kg8 19. Bd8 Bh3 20. Qg3 Qxg3
21. fxg3 Bg4 22. Bxb6 bxc2 23. Bc5 Bxc5 24. dxc5 g6 25. h3 Be2 26. Rfe1 Bd1 27.
Re8+ 1-0

[Event "First Saturday GM November 2014"]
[Site "Budapest"]
[Date "2014.11.05"]
[Round "5.3"]
[White "Tran, Tuan Minh"]
[Black "Flumbort, Andras Dr"]
[Result "1/2-1/2"]
[WhiteElo "2391"]
[BlackElo "2458"]
[PlyCount "117"]
[EventDate "2014.11.01"]

1. d4 Nf6 2. c4 c6 3. Nc3 d5 4. Nf3 dxc4 5. a4 Bf5 6. e3 e6 7. Bxc4 Bb4 8. O-O
Nbd7 9. Qe2 Bg6 10. e4 O-O 11. Bg5 Bxc3 12. bxc3 Bxe4 13. Ne5 Bg6 14. a5 Qc7
15. Nxg6 hxg6 16. Qf3 b5 17. Bd3 Qd6 18. Rfe1 a6 19. Bf4 Qd5 20. Qh3 c5 21. Be2
Qf5 22. Qxf5 gxf5 23. Bf3 Ne4 24. Bxe4 fxe4 25. Rxe4 Nf6 26. Ree1 cxd4 27. cxd4
Nd5 28. Bd6 Rfd8 29. Bc5 b4 30. Reb1 Rab8 31. g3 g5 32. f3 Rb5 33. Rb3 f5 34.
Kg2 Kf7 35. Rab1 Rxa5 36. Bxb4 Ra2+ 37. Kg1 Rh8 38. R1b2 Ra1+ 39. Kg2 f4 40.
Bd2 fxg3 41. Kxg3 Rg1+ 42. Kf2 Rh1 43. Bxg5 Rh3 44. Ke2 Kg6 45. Be3 R3xh2+ 46.
Bf2 Kf5 47. Rd2 a5 48. Rb8 Rc1 49. Rf8+ Kg6 50. f4 Kg7 51. Ra8 Rc3 52. Rb2
Nxf4+ 53. Kd1 Rh1+ 54. Kd2 Rd3+ 55. Kc2 Rf3 56. Rb7+ Kg6 57. Bg3 Kf5 58. Rf7+
Ke4 59. Rxf4+ 1/2-1/2

[Event "First Saturday GM November 2014"]
[Site "Budapest"]
[Date "2014.11.07"]
[Round "6.1"]
[White "Nguyen, Huynh Minh Huy"]
[Black "Flumbort, Andras Dr"]
[Result "1/2-1/2"]
[WhiteElo "2492"]
[BlackElo "2458"]
[PlyCount "73"]
[EventDate "2014.11.01"]

1. d4 d5 2. c4 c6 3. Nf3 Nf6 4. Qb3 dxc4 5. Qxc4 Bf5 6. g3 e6 7. Bg2 Nbd7 8.
O-O Be7 9. Nc3 O-O 10. Re1 Ne4 11. Qb3 Qb6 12. Nh4 Bxh4 13. gxh4 Nxc3 14. bxc3
Bg6 15. e4 e5 16. Be3 exd4 17. cxd4 Rfe8 18. Qc2 Nf6 19. f3 Nd5 20. Bf2 Nf4 21.
Bf1 Qd8 22. Qd2 Qf6 23. Be3 Ne6 24. Qf2 Rad8 25. Rad1 Bh5 26. Bg2 Nf4 27. Bxf4
Qxf4 28. Qg3 Qd6 29. Qg5 g6 30. Rd2 Qb4 31. Red1 Kg7 32. Kf2 h6 33. Qf4 Qb6 34.
Bh3 Qb4 35. Rd3 Qe7 36. R1d2 Rd6 37. Kg1 1/2-1/2

[Event "First Saturday GM November 2014"]
[Site "Budapest"]
[Date "2014.11.07"]
[Round "6.2"]
[White "Tran, Tuan Minh"]
[Black "Farkas, Richard"]
[Result "1/2-1/2"]
[WhiteElo "2391"]
[BlackElo "2305"]
[PlyCount "49"]
[EventDate "2014.11.01"]

1. d4 d5 2. Nf3 Nf6 3. c4 dxc4 4. Nc3 a6 5. e4 b5 6. e5 Nd5 7. a4 Nxc3 8. bxc3
Qd5 9. Be2 Bb7 10. Ng5 Qxg2 11. Rf1 e6 12. Be3 Nd7 13. Nf3 h6 14. Rg1 Qh3 15.
axb5 axb5 16. Rxa8+ Bxa8 17. Qa1 Nb6 18. Qa6 b4 19. d5 Bxd5 20. Bxb6 cxb6 21.
Qc8+ Ke7 22. Qc7+ Ke8 23. Qc8+ Ke7 24. Bxc4 Bxc4 25. Qc7+ 1/2-1/2

[Event "First Saturday GM November 2014"]
[Site "Budapest"]
[Date "2014.11.07"]
[Round "6.3"]
[White "Aharon, Ofir"]
[Black "Varga, Zoltan"]
[Result "1/2-1/2"]
[WhiteElo "2327"]
[BlackElo "2470"]
[PlyCount "34"]
[EventDate "2014.11.01"]

1. e4 d5 2. exd5 Qxd5 3. Nc3 Qd6 4. d4 c6 5. Nf3 Nf6 6. g3 Bg4 7. Bg2 e6 8. h3
Bxf3 9. Bxf3 Qc7 10. O-O Bd6 11. Ne2 O-O 12. c4 Rd8 13. Be3 Nbd7 14. Qc2 Rac8
15. Nc3 e5 16. Bg2 exd4 17. Bxd4 Bc5 1/2-1/2

[Event "First Saturday GM November 2014"]
[Site "Budapest"]
[Date "2014.11.08"]
[Round "7.1"]
[White "Aharon, Ofir"]
[Black "Nguyen, Huynh Minh Huy"]
[Result "0-1"]
[WhiteElo "2327"]
[BlackElo "2492"]
[PlyCount "110"]
[EventDate "2014.11.01"]

1. e4 c5 2. Nf3 d6 3. d4 cxd4 4. Nxd4 Nf6 5. Nc3 a6 6. Be3 e6 7. f3 b5 8. Qd2
Bb7 9. g4 Nfd7 10. a4 bxa4 11. Nxa4 Be7 12. O-O-O Nc6 13. h4 h5 14. g5 Nde5 15.
f4 Ng4 16. g6 Nxd4 17. gxf7+ Kxf7 18. Qxd4 Bf6 19. Qb4 Nxe3 20. Qxb7+ Qe7 21.
Qxe7+ Kxe7 22. Re1 Nxf1 23. Rexf1 Rab8 24. b3 Rb4 25. Re1 Rc8 26. Re3 Kf7 27.
Kb1 Rcc4 28. e5 dxe5 29. fxe5 Be7 30. Rf3+ Rf4 31. Rhf1 Rxf3 32. Rxf3+ Kg6 33.
c4 Bxh4 34. Nc5 Rb6 35. Nd7 Rc6 36. Nb8 Rc8 37. Nxa6 Be7 38. Kc2 h4 39. Kd3 Rc6
40. Nb8 Rb6 41. Nd7 Rxb3+ 42. Ke4 Rxf3 43. Kxf3 Kf5 44. c5 g5 45. c6 Bd8 46.
Kg2 g4 47. Nf6 Kf4 48. Nd5+ exd5 49. e6 h3+ 50. Kh1 g3 51. e7 Bxe7 52. c7 g2+
53. Kh2 Bc5 54. c8=Q g1=Q+ 55. Kxh3 Qg3# 0-1

[Event "First Saturday GM November 2014"]
[Site "Budapest"]
[Date "2014.11.08"]
[Round "7.2"]
[White "Varga, Zoltan"]
[Black "Tran, Tuan Minh"]
[Result "1/2-1/2"]
[WhiteElo "2470"]
[BlackElo "2391"]
[PlyCount "80"]
[EventDate "2014.11.01"]

1. e4 e6 2. d4 d5 3. Nc3 Bb4 4. e5 b6 5. Qg4 g6 6. Bd2 Qd7 7. Bb5 c6 8. Ba4 a5
9. a3 Bf8 10. h4 h5 11. Qh3 Nh6 12. Nce2 Ba6 13. Nf4 Nf5 14. c3 Be7 15. Nf3 Qb7
16. Ng5 Bxg5 17. hxg5 Rg8 18. Bc2 Ne7 19. f3 Nd7 20. g4 hxg4 21. fxg4 c5 22.
Qf3 O-O-O 23. Rh7 Rdf8 24. O-O-O Nc6 25. Be3 Nd8 26. Kb1 Qc6 27. Rc1 c4 28. Rf1
Bb5 29. Kc1 Ba4 30. Bb1 Qb5 31. Bd2 Nb8 32. Ng2 Na6 33. Ne3 Nc7 34. Qg2 Bb3 35.
Rf6 Rh8 36. Rh6 Rhg8 37. Qf3 Qe8 38. Rh7 Kb8 39. Be1 Qe7 40. Bd2 Ne8 1/2-1/2

[Event "First Saturday GM November 2014"]
[Site "Budapest"]
[Date "2014.11.08"]
[Round "7.3"]
[White "Farkas, Richard"]
[Black "Flumbort, Andras Dr"]
[Result "0-1"]
[WhiteElo "2305"]
[BlackElo "2458"]
[PlyCount "94"]
[EventDate "2014.11.01"]

1. e4 c5 2. Nf3 d6 3. Bb5+ Nc6 4. d4 cxd4 5. Qxd4 Bd7 6. Bxc6 Bxc6 7. Nc3 Nf6
8. Bg5 e6 9. O-O-O Be7 10. Rhe1 O-O 11. Bxf6 Bxf6 12. Qd3 Qa5 13. Kb1 Bxc3 14.
Qxc3 Qxc3 15. bxc3 Rfd8 16. Nd4 Be8 17. Re3 Kf8 18. Kb2 Rac8 19. Red3 Ke7 20.
f4 g6 21. g3 b6 22. Nf3 Bb5 23. Re3 Bc4 24. e5 Bd5 25. Nd4 dxe5 26. Rxe5 h5 27.
Rde1 Kf6 28. R1e2 Rc4 29. a3 Rdc8 30. R5e3 R8c5 31. Rd2 Ra4 32. Nb3 Rb5 33. Rd4
Bxb3 34. cxb3 Rxd4 35. cxd4 Kf5 36. Kc3 Kg4 37. h4 Kh3 38. a4 Rd5 39. Kc4 a6
40. Rd3 Kg2 41. Kb4 Kf2 42. Kc3 Rd6 43. Kb4 Rc6 44. a5 bxa5+ 45. Kxa5 Ke2 46.
d5 Rd6 47. Rc3 exd5 0-1

[Event "First Saturday GM November 2014"]
[Site "Budapest"]
[Date "2014.11.09"]
[Round "8.1"]
[White "Nguyen, Huynh Minh Huy"]
[Black "Farkas, Richard"]
[Result "1-0"]
[WhiteElo "2492"]
[BlackElo "2305"]
[PlyCount "137"]
[EventDate "2014.11.01"]

1. d4 d5 2. Nf3 Nf6 3. c4 dxc4 4. Qa4+ Nc6 5. Qxc4 Bg4 6. e3 e6 7. Qa4 Bxf3 8.
gxf3 a6 9. Nc3 Bd6 10. f4 O-O 11. Bg2 Nb4 12. O-O Qc8 13. Ne2 c5 14. Bd2 b5 15.
Qd1 Ra7 16. dxc5 Bxc5 17. Qb3 Nbd5 18. Rfc1 Nb6 19. Bc3 Nfd5 20. Bd4 Rc7 21.
Be5 Rc6 22. Nd4 Bxd4 23. Rxc6 Qxc6 24. Bxd4 Na4 25. Qd1 Rc8 26. Qg4 g6 27. Qg5
Qd6 28. Be5 Qd8 29. Qxd8+ Rxd8 30. Rd1 f5 31. Rc1 Kf7 32. Bxd5 Rxd5 33. Bd4 b4
34. Rc7+ Ke8 35. Rc6 Ra5 36. Rxe6+ Kd7 37. Rf6 Ke7 38. Rc6 Kd7 39. Rc4 Rb5 40.
Kf1 Nb6 41. Bxb6 Rxb6 42. Ke2 Rb5 43. b3 Ra5 44. Rc2 Kd6 45. f3 Rb5 46. e4 fxe4
47. fxe4 Rh5 48. Rd2+ Ke6 49. Kf3 Rh3+ 50. Kg4 Re3 51. e5 a5 52. Rd6+ Ke7 53.
Ra6 Re2 54. Rxa5 Rxh2 55. Ra4 Ke6 56. Rxb4 Rxa2 57. Rb6+ Ke7 58. Rb7+ Ke6 59.
Rxh7 Rg2+ 60. Kf3 Rg1 61. Rb7 Rf1+ 62. Ke3 Re1+ 63. Kd3 Rd1+ 64. Kc4 Rc1+ 65.
Kb5 Rf1 66. Rb6+ Kd5 67. Rf6 Rf3 68. b4 Rf1 69. Kb6 1-0

[Event "First Saturday GM November 2014"]
[Site "Budapest"]
[Date "2014.11.09"]
[Round "8.2"]
[White "Flumbort, Andras Dr"]
[Black "Varga, Zoltan"]
[Result "1/2-1/2"]
[WhiteElo "2458"]
[BlackElo "2470"]
[PlyCount "55"]
[EventDate "2014.11.01"]

1. d4 d5 2. c4 c6 3. Nf3 Nf6 4. Nc3 e6 5. Bg5 dxc4 6. e4 b5 7. e5 h6 8. Bh4 g5
9. Nxg5 hxg5 10. Bxg5 Be7 11. exf6 Bxf6 12. Bxf6 Qxf6 13. g3 Na6 14. Bg2 Bb7
15. Ne4 Qe7 16. O-O O-O-O 17. a4 f5 18. Nc3 b4 19. Ne2 Nc5 20. Qc2 Ne4 21. Bxe4
fxe4 22. Qxc4 Rdg8 23. a5 Qh4 24. Qxe6+ Kd8 25. Qd6+ Kc8 26. Qe6+ Kd8 27. Qd6+
Kc8 28. Qe6+ 1/2-1/2

[Event "First Saturday GM November 2014"]
[Site "Budapest"]
[Date "2014.11.09"]
[Round "8.3"]
[White "Tran, Tuan Minh"]
[Black "Aharon, Ofir"]
[Result "1/2-1/2"]
[WhiteElo "2391"]
[BlackElo "2327"]
[PlyCount "162"]
[EventDate "2014.11.01"]

1. d4 Nf6 2. c4 g6 3. Nc3 d5 4. cxd5 Nxd5 5. e4 Nxc3 6. bxc3 Bg7 7. Bc4 c5 8.
Ne2 Nc6 9. Be3 O-O 10. O-O Na5 11. Bd3 b6 12. Qd2 e5 13. dxc5 Be6 14. Rfd1 Qc7
15. cxb6 axb6 16. Bh6 Nc4 17. Bxc4 Bxc4 18. Bxg7 Kxg7 19. Ng3 h6 20. h4 Rfd8
21. Qc2 Rxd1+ 22. Qxd1 Rxa2 23. Rxa2 Bxa2 24. Qd2 Be6 25. h5 Qd7 26. Qe2 g5 27.
Kh2 b5 28. Qe3 Qc8 29. f3 Qc7 30. Nf1 Qe7 31. Qe1 Qf6 32. Kg1 Qf4 33. Qe3 g4
34. Qxf4 exf4 35. g3 gxf3 36. gxf4 Bg4 37. Ng3 Kf6 38. Kf2 Ke6 39. Ke3 Kd6 40.
e5+ Kd5 41. Ne4 Kc4 42. Nd6+ Kxc3 43. Nxb5+ Kb4 44. Nd6 Bxh5 45. Nf5 Kc5 46.
Nxh6 Kd5 47. Ng8 Ke6 48. Nf6 f2 49. Kxf2 Bg6 50. Kg3 Bc2 51. Kg4 Bb1 52. Kg5
Bc2 53. Nh5 Bb1 54. Ng7+ Ke7 55. f5 Ba2 56. Nh5 Bb3 57. Kh6 Bc2 58. Kg5 Bb3 59.
Nf4 Bc4 60. Kh6 Kf8 61. Ng2 Bd3 62. Ne3 Be4 63. Kg5 Ke7 64. Ng4 Bc2 65. Nf6 Bb3
66. Kh6 Bc2 67. Nd5+ Kf8 68. f6 Bb3 69. Nc7 Bc4 70. Kg5 Bb3 71. Kf4 Bc4 72. Ke4
Ba2 73. Kd4 Kg8 74. Kc5 Kh7 75. Kd6 Kg6 76. e6 Bxe6 77. Ke7 Ba2 78. Na6 Kh7 79.
Nb4 Bb3 80. Nc6 Kg8 81. Nd4 Ba2 1/2-1/2

[Event "First Saturday GM November 2014"]
[Site "Budapest"]
[Date "2014.11.10"]
[Round "9.1"]
[White "Tran, Tuan Minh"]
[Black "Nguyen, Huynh Minh Huy"]
[Result "1/2-1/2"]
[WhiteElo "2391"]
[BlackElo "2492"]
[PlyCount "22"]
[EventDate "2014.11.01"]

1. Nf3 d5 2. e3 Nf6 3. c4 c6 4. b3 Bg4 5. Bb2 e6 6. Be2 Nbd7 7. O-O Bd6 8. d3
Qe7 9. cxd5 cxd5 10. Nd4 Bxe2 11. Qxe2 O-O 1/2-1/2

[Event "First Saturday GM November 2014"]
[Site "Budapest"]
[Date "2014.11.10"]
[Round "9.2"]
[White "Aharon, Ofir"]
[Black "Flumbort, Andras Dr"]
[Result "1/2-1/2"]
[WhiteElo "2327"]
[BlackElo "2458"]
[PlyCount "46"]
[EventDate "2014.11.01"]

1. e4 c5 2. Nf3 d6 3. d4 cxd4 4. Nxd4 Nf6 5. Nc3 a6 6. Be3 e6 7. f3 b5 8. Qd2
Nbd7 9. g4 h6 10. a3 Bb7 11. O-O-O d5 12. exd5 Nxd5 13. Nxd5 Bxd5 14. Rg1 Qc7
15. f4 Rc8 16. Kb1 Nb6 17. f5 Nc4 18. Bxc4 Qxc4 19. Nb3 Be7 20. Bd4 Bg5 21. Qc3
Qxc3 22. Bxc3 O-O 23. Nd4 Rfe8 1/2-1/2

[Event "First Saturday GM November 2014"]
[Site "Budapest"]
[Date "2014.11.10"]
[Round "9.3"]
[White "Varga, Zoltan"]
[Black "Farkas, Richard"]
[Result "1-0"]
[WhiteElo "2470"]
[BlackElo "2305"]
[PlyCount "53"]
[EventDate "2014.11.01"]

1. e4 e6 2. d4 d5 3. Nc3 Bb4 4. e5 c5 5. Bd2 Ne7 6. Nf3 O-O 7. a3 Bxc3 8. Bxc3
cxd4 9. Nxd4 Nbc6 10. f4 Nf5 11. Nf3 d4 12. Bd2 Qd5 13. Bd3 b6 14. Qe2 Bb7 15.
Be4 Qd8 16. O-O-O Rc8 17. Kb1 Qc7 18. g4 Nfe7 19. Qd3 Ng6 20. Ng5 Nd8 21. h4
Bxe4 22. Nxe4 Nb7 23. h5 Ne7 24. Ng5 g6 25. hxg6 Nxg6 26. Rxh7 Nc5 27. Qh3 1-0

[Event "First Saturday GM November 2014"]
[Site "Budapest"]
[Date "2014.11.11"]
[Round "10.1"]
[White "Nguyen, Huynh Minh Huy"]
[Black "Varga, Zoltan"]
[Result "1/2-1/2"]
[WhiteElo "2492"]
[BlackElo "2470"]
[PlyCount "39"]
[EventDate "2014.11.01"]

1. d4 d5 2. c4 c6 3. Nf3 Nf6 4. cxd5 cxd5 5. Nc3 Nc6 6. Bf4 Bf5 7. e3 e6 8. Bd3
Bxd3 9. Qxd3 Bd6 10. Bxd6 Qxd6 11. O-O O-O 12. Rfc1 Rfc8 13. a3 a6 14. Rc2 Rc7
15. Rac1 Rac8 16. Ne2 Ne7 17. Rxc7 Rxc7 18. Rxc7 Qxc7 19. Qc3 Qxc3 20. Nxc3
1/2-1/2